000 01187nam a2200241Ia 4500
003 OSt
005 20220923212042.0
006 a|||||r|||| 00| 0
007 ta
008 220922b |||||||| |||| 00| 0 hin d
024 _a150,322
037 _cTextual
040 _aARTS
_cARTS
_bhin
041 _2hin
_ahin
082 _aAwN1, 152H2;K4
100 _aकपूर, श्याम नारायण
245 0 _aभारतीय वैज्ञानिक
_b आधुनिक भारत के 12 श्रेष्ठ वैज्ञानिको की जीवनियों विज्ञान साधना अन्वेषण और अविष्कारों का प्रामाणिक विवरण
246 _aBhāratīya vaijnyānika: ādhunik bhārat ke 12 shreṣhṭha vaijnyāniko kī jīvaniyoan vijnyān sādhanā anveṣhaṇ aur aviṣhkāroan kā prāmāṇik vivaraṇa
260 _aकानपुर
_b साहित्य निकेतन
_c1964
300 _a476पृ.
_ccm.
942 _hAwN1, 152H2;K4
_cTEXL
_2CC
999 _c306002
_d306002